000 00780nab a2200193 4500
001 244442
003 OSt
005 20230731132329.0
007 tu
008 200917s2020|||||||
040 _aDE-2950
_cDE-2950
245 0 0 _aAhnenforschung jetzt auch online möglich.
_cred
_bGenealogie. Das Stadtarchiv hat dank einer Förderung des Landes die Personenstandsregister des Standesamtes bis zum Jahr 1909 und die Heiratsregister bis zum Jahr 1929 digitalisiert und veröffentlicht. Damit können Interessierte zu ihren Frankfurter Vorfahren recherchieren/
264 _c2023
653 _aFrankfurt (Oder)
653 _aStadtarchiv
653 _aAhnenforschung/
773 0 _g34. Jahrgang (2023) Nr. 175 vom 29.07.2023, S. 18, mit Foto
_tMärkische Oderzeitung
942 _2z
_cA
999 _c372662
_d372662